Charters and bye-laws 1939 (Record no. 105283)

MARC details
000 -LEADER
fixed length control field 00557cam a22001815a 4500
001 - CONTROL NUMBER
control field ##L132923
008 - FIXED-LENGTH DATA ELEMENTS--GENERAL INFORMATION
fixed length control field 060323s1939 000 0 eng u
035 ## - SYSTEM CONTROL NUMBER
System control number (Sirsi) u132923
041 0# - LANGUAGE CODE
Language code of text/sound track or separate title eng
050 04 - LIBRARY OF CONGRESS CALL NUMBER
Classification number 333.062 $2 18
110 2# - MAIN ENTRY--CORPORATE NAME
Corporate name or jurisdiction name as entry element Chartered Surveyors' Institution
9 (RLIN) 2274
245 00 - TITLE STATEMENT
Title Charters and bye-laws 1939
260 ## - PUBLICATION, DISTRIBUTION, ETC.
Place of publication, distribution, etc. London
Name of publisher, distributor, etc. Chartered Surveyors' Institution
Date of publication, distribution, etc. 1939
300 ## - PHYSICAL DESCRIPTION
Extent 55p.
Dimensions 22cm.
651 #4 - SUBJECT ADDED ENTRY--GEOGRAPHIC NAME
Geographic name Great Britain
Chronological subdivision 1707-
690 ## - LOCAL SUBJECT ADDED ENTRY--TOPICAL TERM (OCLC, RLIN)
Topical term or geographic name as entry element ABOUT RICS-RICS STRUCTURE AND GOVERNANCE-RICS REGULATIONS-RICS CONDUCT REGULATIONS
942 ## - ADDED ENTRY ELEMENTS (KOHA)
Suppress in OPAC 0
Holdings
Withdrawn status Lost status Source of classification or shelving scheme Damaged status Not for loan Home library Current library Shelving location Date acquired Total Checkouts Full call number Barcode Date last seen Copy number Price effective from Koha item type
    Dewey Decimal Classification     Historic collection Historic collection RICS Boxes 23/03/2006   RICS 1939 132923-2001 06/08/2019 1 06/08/2019 Archive
    Dewey Decimal Classification     Historic collection Historic collection RICS Boxes 23/03/2006   RICS 1939 132923-2002 06/08/2019 2 06/08/2019 Archive
    Dewey Decimal Classification     Historic collection Historic collection RICS Boxes 23/03/2006   RICS 1939 132923-2003 06/08/2019 3 06/08/2019 Archive